Nyelvmetafizika Tomas Tranströmer költészetéről a költő 117 verse kapcsán ...

Bibliographic Details
Main Author: Tőzsér, Árpád, 1935- (Author)
Other Authors: Nagy, József, 1926- (Illustrator)
Format: Article
Language:Hungarian
Slovak
Subjects:

MARC

LEADER 00000nab a2200000 a 4500
001 vtls000801132
003 SK-MaSNL
005 20260318124658.0
008 160314c2002 xo 0 hun
015 |a SNBRB2002/07-22838 
035 |a CLN000152787 
040 |a SNKBUCL  |b slo  |c SNKBUCL  |e AACR2 
041 0 |a slo 
044 |a xo  |c SK 
080 |a 82.033:839.7-1  |2 UDC-MRF-SK2 
080 |a 839.7-1.033  |2 UDC-MRF-SK2 
100 1 |a Tőzsér, Árpád,  |d 1935-  |4 aut  |9 89438 
245 1 0 |a Nyelvmetafizika  |b Tomas Tranströmer költészetéről a költő 117 verse kapcsán ...  |c Tőzsér Árpád ; illusztrálta Nagy József 
300 |b Obr. 
600 1 7 |a Tranströmer, Tomas,  |d 1931-2015  |2 snkbucl  |9 175033 
650 0 7 |a básnická tvorba  |2 SNKPH  |9 360568 
655 7 |a analýzy  |2 snkbucl  |9 22242 
700 1 |a Nagy, József,  |d 1926-  |4 ill  |9 324842 
773 0 |t Új szó  |g Roč. 55, č. 137 (14.6.2002) 
773 0 |t [Príl.] Gondolat  |g Roč. 2, č. 12 (2002), s. 9 
850 |a Slovenská národná knižnica v Martine 
852 |a SNK  |b KIS3GCP 
958 |a SE 
958 |a LX 
958 |a RBX 
999 |c 2563243  |d 2565173